01714cam a22004214a 450000100090000000300040000900500170001300800410003001000170007102000180008802000150010602500270012103500240014803500210017203700630019304000260025604200210028204300120030305000210031508200220033610000240035824501300038226000420051230000240055450400560057850502590063452001020089365000280099565000380102365000330106165000300109465000250112465000440114965000280119370000250122170000250124670000210127116020704OSt20200616133315.0090929s2009 ii b 010 0 eng d a 2009305674 a9788125037071 a8125037071 aI-E-2009-305674; 69-92 a(OCoLC)ocn453820722 a(OCoLC)453820722 aLibrary of Congress -- New Delhi Overseas OfficecRs395.00 aDKAGEbengcoclcdDLC alccopycatalcode aa-ii---00aHN687b.C86 200904a305.800954bSAN/C aSanyal, Manoj Kumar00aCulture, society, and development in India :bessays for Amiya Kumar Bagchi /cedited by Manoj Kumar Sanyal ; Arunabha Ghosh. aNew Delhi :bOrient BlackSwan,c2009. ax, 180 p. ;c23 cm. aIncludes bibliographical references (p. [168]-176).0 asection 1. Language, culture and the Indian middle class : the development dilemma -- section 2. Women in real life, utopias and fictions -- section 3. Music and art : past and present -- section 4. Popular Indian cinema : ideology, culture and business. aFestschrift on Amiya Kumar Bagchi, b. 1936, Indian economist and historian; contributed articles. 0aMultilingualismzIndia. 0aBengali languagexSocial aspects. 0aLanguage and culturezIndia. 0aWomen in motion pictures. 0aWomen in literature. 0aMotion picturesxSocial aspectszIndia. 0aPopular culturezIndia.1 aBagchi, Amiya Kumar.1 aSanyal, Manoj Kumar.1 aGhosh, Arunabha.